| 000 | 01159nas a2200289 i 4500 | ||
|---|---|---|---|
| 003 | DO-SdBNP | ||
| 005 | 20260219091643.0 | ||
| 007 | ta | ||
| 008 | 260219e1929 dr wn|p|r||||||0| | spa d | ||
| 040 |
_aDO-SdBNP _bspa _cBNPHU _erda |
||
| 041 | _aspa | ||
| 110 |
_aListín Diario (República Dominicana) _953034 |
||
| 222 | _aSuplemento | ||
| 245 |
_aGaleria artistica : _bsección gráfica de actualidad / _cListín Diario. |
||
| 264 |
_aSanto Domingo, República Dominicana : _bListín Diario, _c1929. |
||
| 300 |
_avolumen : _bilustraciones, fotografías ; _c41 cm. |
||
| 310 | _aSemanal. | ||
| 336 |
_atexto _btxt _2rdacontent |
||
| 337 |
_asin mediación _bn _2rdamedia |
||
| 338 |
_avolumen _bnc _2rdacarrier |
||
| 362 | _aAño 40. Número 12. Volumen 554, mayo 1929. | ||
| 500 | _aCatalogación basada en el número: Año 40. Número 12. Volumen 554, mayo 1929. | ||
| 500 | _aEste suplemento tiene algunos números que están dentro del periódico encuadernados. | ||
| 650 | 0 |
_aInformación pública oficial _xPropaganda artística _vSuplemento _953837 _zRepública Dominicana |
|
| 655 | 0 |
_aPublicaciones periódicas _987420 |
|
| 942 |
_2ddc _cISSUE |
||
| 999 |
_c60368 _d60368 |
||